| 000 | 01150cam a22002771 4500 | ||
|---|---|---|---|
| 001 | 19797 | ||
| 003 | BD-RjUL | ||
| 005 | 20211209000459.0 | ||
| 008 | 140225s1953 xx 000 0 eng | ||
| 035 | _a(BD-RjUL)19853 | ||
| 035 | _a(OCoLC)367361 | ||
| 040 |
_aDLC _cOAkU _dOCoLC _dDLC _dBD-RjUL _beng |
||
| 041 | _aeng | ||
| 082 |
_a821.4 _bPOE |
||
| 100 | 1 |
_aLovelace, Richard, _d1618-1658. _960819 |
|
| 245 | 0 | 4 |
_aThe poems of Richard Lovelace / _cedited by C. H. Wilkinson. |
| 260 |
_aOxford : _bThe Clarendon Press, _c1953. |
||
| 300 |
_a366 p. : _bfront., illus. (music) plates, ports., facsims. (incl. music). ; _c30 cm. |
||
| 500 | _aWith facsimiles of original title-pages. | ||
| 500 | _a"Larger-paper edition, limited to 400 copies, of which 350 are for sale." | ||
| 505 | 0 | _av. 1. Preface. Introduction. Notes. Appendixes: Accounts of Lovelace by Aubrey and Anthony à Wood. The Kentish petition. - v. 2. Lucasta, 1649. Lucasta. Posthume poems, 1659-1660. Elegies, 1660. Textual notes. | |
| 700 | 1 |
_aWilkinson, Cyril Hackett, _d1888-1960, _eed. _960820 |
|
| 942 |
_2ddc _cBK |
||
| 999 |
_c19797 _d19797 |
||